The Scourge of the Indies: Buccaneers, Corsairs, & Filibusters.

Đã lưu trong:
Chi tiết về thư mục
Tác giả chính: Besson, Maurice
Định dạng: Sách
Ngôn ngữ:Tiếng Anh
Được phát hành: London, England, United Kingdom George Routledge & Sons 1929
Những chủ đề:
Các nhãn: Thêm thẻ
Không có thẻ, Là người đầu tiên thẻ bản ghi này!

MARC

LEADER 00000nam a2200000 a 4500
001 UCJ3653
003 CL-VaPUC
005 20250227100114.0
008 070124e19290000UK |||||||||||||||||eng|d
999 |c 319775  |d 319773 
040 |c Pontificia Universidad Católica de Valparaíso 
082 0 4 |a 910.4 BES 1929  |2 21 
100 0 |a Besson, Maurice  |9 505771 
245 1 4 |a The Scourge of the Indies: Buccaneers, Corsairs, & Filibusters. 
246 1 4 |a The Brothers of the Coast: Their origins, the Buccaneers, the Custom of the coast. The Filibusters'life. Charter parties 
246 1 0 |a Memoirs of Ravenau de Lussan: His journey to the Southern Sea with the filibusters of América, 1685 to 1686 
260 0 3 |a London, England, United Kingdom  |b George Routledge & Sons  |c 1929 
300 |a 330 páginas. 
500 |a Apostillado. Front., mapa antiguo del Peru; Ilustraciones y mapas. Un hermoso libro sobre el tema. Por su tamaño, se encuentra fuera de la secuencia alfabética, al comienzo de la sección Viajeros 
583 |a last modification  |c 20070124 00:00:00  |k Rodrigo Vera 
600 0 7 |a HERMANDAD DE LA COSTA  |2 CL-VaPUC  |9 505772 
600 0 7 |a MONTBARS EL EXTERMINADOR  |2 CL-VaPUC  |9 505773 
600 0 7 |a LEGRAND DE DIEPPE, PIERRE  |2 CL-VaPUC  |9 505774 
600 0 7 |a DUCASSE, JEAN BAPTISTE  |2 CL-VaPUC  |9 505775 
600 0 7 |a THUROT, FRANÇOIS  |2 CL-VaPUC  |9 505776 
600 0 7 |a D'ALBARADE, JEAN  |2 CL-VaPUC  |9 505777 
600 0 7 |a CASSARD, JACQUES  |2 CL-VaPUC  |9 505778 
600 0 7 |a DULAïEN  |2 CL-VaPUC  |9 505779 
600 0 7 |a MONTAUBAN DE BORDEAUX  |2 CL-VaPUC  |9 505780 
600 0 7 |a GRAFF, LAURENT DE  |2 CL-VaPUC  |9 505781 
600 0 7 |a SCOTT, LOUIS  |2 CL-VaPUC  |9 505782 
600 0 7 |a BARBANEGRA  |2 CL-VaPUC  |9 505783 
600 0 7 |a EDUARDO EL INGLES  |2 CL-VaPUC  |9 505784 
600 0 7 |a GRAMONT, CABALLERO DE  |2 CL-VaPUC  |9 505785 
600 0 7 |a NAU EL OLONÉS  |2 CL-VaPUC  |9 505786 
600 0 7 |a OLONNE, NAU DE  |2 CL-VaPUC  |9 505787 
600 0 7 |a LUSSAN, RAVENAU DE  |2 CL-VaPUC  |9 505788 
600 0 7 |a MIGUEL EL VASCO  |2 CL-VaPUC  |9 505789 
650 7 |a PIRATAS  |2 CL-VaPUC  |9 317855 
650 7 |a BUCANEROS  |2 CL-VaPUC  |9 437599 
650 7 |a FILIBUSTEROS  |2 CL-VaPUC  |9 505790 
650 0 |a Viajes  |9 257115 
650 0 |a Mujeres piratas   |9 505791 
650 7 |a NAOS  |2 CL-VaPUC  |9 505792 
650 0 |a Iconografía   |9 267998 
650 0 |a Mapas  |9 260844 
650 0 |a Ilustraciones  |9 369481 
650 0 |a Aborígenes  |9 329972 
650 7 |a TRAJES  |2 CL-VaPUC  |9 505793 
650 7 |a BIBLIOGRAFIA  |2 CL-VaPUC  |9 256175 
651 7 |a MAR CARIBE  |2 CL-VaPUC  |9 505794 
651 0 |a Antillas  |9 323642 
651 7 |a ISLA TORTUGA  |2 CL-VaPUC  |9 505795 
651 0 |a Perú  |9 256567 
942 |c BK  |2 ddc 
945 |d 20070124 00:00:00  |a rinostro 
952 |0 0  |1 0  |2 ddc  |4 0  |6 910_400000000000000_BES_1929  |7 0  |8 X  |9 398152  |a FDOBUD  |b FDOBUD  |d 2019-11-22  |i 1006444  |o 910.4 BES 1929  |p 1006444  |r 2019-11-22  |t 1  |w 2019-11-22  |y BK_X  |k BUD